[Event "Olympiad Women-41"]
[Site "Tromsoe"]
[Date "2014.08.03"]
[Round "2.3"]
[White "Al Zarouni, Aisha"]
[Black "Bocangel Chavez, Marjoire Johana"]
[Result "1-0"]
[WhiteElo "1689"]
[BlackElo "1731"]
[PlyCount "52"]
[EventDate "2014.08.02"]
[EventType "team-swiss"]
[EventRounds "11"]
[EventCountry "NOR"]
[SourceTitle "CBM 162"]
[Source "ChessBase"]
[SourceDate "2014.09.17"]
[SourceVersion "1"]
[SourceVersionDate "2014.09.17"]
[SourceQuality "1"]
[WhiteTeam "United Arab Emirates (W)"]
[BlackTeam "Peru (W)"]
[WhiteTeamCountry "UAE"]
[BlackTeamCountry "PER"]

1. b3 e5 2. Bb2 d6 3. e3 c5 4. Bb5+ Nc6 5. d4 Qa5+ 6. Nc3 cxd4 7. exd4 exd4 8. Qxd4 Bd7 9. Qa4 Qxa4 10. Bxa4 Nf6 11. Rd1 a6 12. Bxc6 Bxc6 13. Nf3 0-0-0 14. 0-0 Bxf3 15. gxf3 d5 16. Na4 b5 17. Nb6+ Kb7 18. Bxf6 gxf6 19. Nxd5 Rg8+ 20. Kh1 Bg7 21. Ne3 Rc8 22. Rd7+ Kb8 23. Rxf7 Bh8 24. Rd1 Rg6 25. Rdd7 Rcg8 26. Rd1 Rg5 1-0

[Event "South America-ch U20 Girls"]
[Site "Santa Cruz"]
[Date "2014.04.28"]
[Round "7"]
[White "Bocangel Chavez, Marjoire Johana"]
[Black "Gomez Camacho, Micaela"]
[Result "1-0"]
[WhiteElo "1678"]
[BlackElo "1996"]
[PlyCount "67"]
[EventDate "2014.04.24"]
[EventType "swiss"]
[EventRounds "9"]
[EventCountry "BOL"]
[SourceTitle "CBM 160 Extra"]
[Source "ChessBase"]
[SourceDate "2014.07.01"]
[SourceVersion "1"]
[SourceVersionDate "2014.07.01"]
[SourceQuality "1"]

1. e4 c5 2. Nf3 d6 3. d4 cxd4 4. Nxd4 Nf6 5. Nc3 a6 6. Be3 e5 7. Nb3 Be6 8. f3 h5 9. Nd5 Bxd5 10. exd5 Nbd7 11. c4 a5 12. a4 g6 13. Bd3 Bh6 14. Qd2 Bxe3 15. Qxe3 0-0 16. h3 Qb6 17. Qxb6 Nxb6 18. g4 e4 19. fxe4 hxg4 20. c5 Nbd7 21. hxg4 Ne5 22. Kd2 Nfxg4 23. Raf1 dxc5 24. Be2 f5 25. Nxc5 fxe4 26. Bxg4 Nxg4 27. Nxe4 Rxf1 28. Rxf1 Rd8 29. d6 Ne5 30. Kc3 Nd7 31. Rd1 Kg7 32. Kc4 g5 33. Kb5 Re8 34. Nc5 1-0

[Event "South America-ch U20 Girls"]
[Site "Santa Cruz"]
[Date "2014.04.28"]
[Round "6"]
[White "Monroy Garzon, Nataly Alejandra"]
[Black "Bocangel Chavez, Marjoire Johana"]
[Result "1-0"]
[WhiteElo "1770"]
[BlackElo "1678"]
[PlyCount "63"]
[EventDate "2014.04.24"]
[EventType "swiss"]
[EventRounds "9"]
[EventCountry "BOL"]
[SourceTitle "CBM 160 Extra"]
[Source "ChessBase"]
[SourceDate "2014.07.01"]
[SourceVersion "1"]
[SourceVersionDate "2014.07.01"]
[SourceQuality "1"]

1. d4 d5 2. Nf3 c6 3. c4 Nf6 4. Qc2 e6 5. g3 Bd6 6. Bg2 Nbd7 7. 0-0 0-0 8. Bf4 Bxf4 9. gxf4 dxc4 10. Qxc4 Nd5 11. e3 Qb6 12. b3 N7f6 13. Nc3 Bd7 14. Ne5 Rfd8 15. Na4 Qc7 16. Nc5 Rac8 17. Rac1 Nb6 18. Qc2 Nfd5 19. Kh1 f6 20. Nexd7 Nxd7 21. Nxe6 Qd6 22. Nxd8 Rxd8 23. Bxd5+ Qxd5+ 24. f3 Nb6 25. Qg2 Re8 26. Rg1 g6 27. Rc5 Qd6 28. f5 Nd5 29. fxg6 h6 30. g7 Rxe3 31. Qg6 Qf4 32. Qh7+ 1-0

[Event "South America-ch U20 Girls"]
[Site "Santa Cruz"]
[Date "2014.04.27"]
[Round "5"]
[White "Gomez Barrera, Javiera Belen"]
[Black "Bocangel Chavez, Marjoire Johana"]
[Result "1/2-1/2"]
[WhiteElo "1774"]
[BlackElo "1678"]
[PlyCount "80"]
[EventDate "2014.04.24"]
[EventType "swiss"]
[EventRounds "9"]
[EventCountry "BOL"]
[SourceTitle "CBM 160 Extra"]
[Source "ChessBase"]
[SourceDate "2014.07.01"]
[SourceVersion "1"]
[SourceVersionDate "2014.07.01"]
[SourceQuality "1"]

1. e4 e6 2. d4 d5 3. Nc3 Nf6 4. Bg5 Be7 5. e5 Nfd7 6. Bxe7 Qxe7 7. f4 c5 8. Nf3 Nc6 9. dxc5 Nxc5 10. Bd3 Nxd3+ 11. Qxd3 Qb4 12. 0-0 Qxf4 13. g3 Qh6 14. Nb5 0-0 15. Nd6 f6 16. Qe2 b6 17. Nxc8 Raxc8 18. exf6 Qxf6 19. c3 Qe7 20. Rae1 Rce8 21. Ne5 Rxf1+ 22. Rxf1 Nxe5 23. Qxe5 Qc5+ 24. Kg2 h6 25. a3 Qe7 26. h4 Rf8 27. Re1 Re8 28. Rf1 Rf8 29. Re1 Kf7 30. Rf1+ Kg8 31. Re1 Re8 32. Rf1 Kh7 33. Rf3 Rf8 34. Rxf8 Qxf8 35. Qxe6 Qa8 36. Qf5+ Kg8 37. Qf3 Qd8 38. Qd3 Qa8 39. Qf3 Qd8 40. Qd3 Qa8 1/2-1/2

[Event "South America-ch U20 Girls"]
[Site "Santa Cruz"]
[Date "2014.04.26"]
[Round "3"]
[White "Bocangel Chavez, Marjoire Johana"]
[Black "Silva, Carolina Alves"]
[Result "1-0"]
[WhiteElo "1678"]
[BlackElo "1746"]
[PlyCount "51"]
[EventDate "2014.04.24"]
[EventType "swiss"]
[EventRounds "9"]
[EventCountry "BOL"]
[SourceTitle "CBM 160 Extra"]
[Source "ChessBase"]
[SourceDate "2014.07.01"]
[SourceVersion "1"]
[SourceVersionDate "2014.07.01"]
[SourceQuality "1"]

1. e4 c5 2. Nf3 Nc6 3. d4 cxd4 4. Nxd4 Nf6 5. Nc3 e5 6. Ndb5 d6 7. Nd5 Nxd5 8. exd5 Nb8 9. c4 Na6 10. Be3 b6 11. Qa4 Qd7 12. c5 dxc5 13. Nd6+ Kd8 14. Qxd7+ Kxd7 15. Nxf7 Bd6 16. Nxh8 Ke7 17. Bd3 Bb7 18. Bg5+ Ke8 19. Bxh7 Bxd5 20. 0-0-0 Nc7 21. Rxd5 Nxd5 22. Rd1 Nf6 23. Bg6+ Ke7 24. Nf7 Bc7 25. Re1 e4 26. Rxe4+ 1-0

[Event "South America-ch U20 Girls"]
[Site "Santa Cruz"]
[Date "2014.04.25"]
[Round "2"]
[White "Caballero Quijano, Mitzy Mishell"]
[Black "Bocangel Chavez, Marjoire Johana"]
[Result "1/2-1/2"]
[WhiteElo "1924"]
[BlackElo "1678"]
[PlyCount "140"]
[EventDate "2014.04.24"]
[EventType "swiss"]
[EventRounds "9"]
[EventCountry "BOL"]
[SourceTitle "CBM 160 Extra"]
[Source "ChessBase"]
[SourceDate "2014.07.01"]
[SourceVersion "1"]
[SourceVersionDate "2014.07.01"]
[SourceQuality "1"]

1. d4 d5 2. Nf3 Nf6 3. c4 c6 4. Qc2 e6 5. g3 Bd6 6. Bg2 Nbd7 7. 0-0 0-0 8. Nfd2 e5 9. cxd5 Nxd5 10. Nc4 Bc7 11. Bxd5 cxd5 12. Ne3 Nb6 13. dxe5 Bh3 14. Rd1 Bxe5 15. Qd3 Qf6 16. Nc3 d4 17. Ncd5 Nxd5 18. Nxd5 Qd6 19. Nf4 Bg4 20. f3 Bd7 21. e3 Qb6 22. exd4 Bb5 23. Qe3 Bd6 24. Nd5 Qa6 25. Nc3 Rfe8 26. Qf2 Bc6 27. Be3 Bb4 28. Ne2 Rad8 29. Nf4 b6 30. Nd3 Bd6 31. Rac1 Qb7 32. f4 f6 33. Re1 Be4 34. Qf1 Qa6 35. Nf2 Qxa2 36. Nxe4 Rxe4 37. Qc4+ Qxc4 38. Rxc4 Rde8 39. Kf2 Kf7 40. Bd2 Rxe1 41. Bxe1 Ke6 42. Ra4 a5 43. Bc3 Kd5 44. Kf3 Kc6 45. Rc4+ Kb5 46. b3 Re7 47. g4 Rc7 48. Rxc7 Bxc7 49. Ke4 a4 50. bxa4+ Kxa4 51. d5 Kb3 52. Bd4 b5 53. g5 fxg5 54. Be5 Bd8 55. fxg5 Bxg5 56. Bxg7 Kc4 57. Kf5 Bd8 58. Ke6 b4 59. d6 b3 60. d7 Kd3 61. Kf7 Kc2 62. Ke8 Bc7 63. d8Q Bxd8 64. Kxd8 Kd3 65. Ke7 Ke4 66. Kd6 Kf3 67. Kd5 Kg2 68. h4 Kg3 69. h5 Kg4 70. h6 Kg5 1/2-1/2

[Event "Pan American-ch U16 Girls"]
[Site "Cali"]
[Date "2011.07.05"]
[Round "4"]
[White "Bocangel Chavez, Marjoire Johana"]
[Black "Maldonado Barrera, Lina Eulalia"]
[Result "1-0"]
[WhiteElo "1625"]
[BlackElo "1831"]
[PlyCount "61"]
[EventDate "2011.07.03"]
[EventType "swiss"]
[EventRounds "9"]
[EventCountry "COL"]
[SourceTitle "CBM 143 Extra"]
[Source "ChessBase"]
[SourceDate "2011.08.29"]
[SourceVersion "1"]
[SourceVersionDate "2011.08.29"]
[SourceQuality "1"]

1. e4 e6 2. Nf3 d5 3. Nc3 Nf6 4. e5 Nfd7 5. d4 c5 6. Bf4 Nc6 7. dxc5 Bxc5 8. Bd3 Qb6 9. 0-0 Qxb2 10. Nb5 0-0 11. Bd2 d4 12. Qe2 a6 13. Rab1 Qxb1 14. Rxb1 axb5 15. Qe4 f5 16. Qf4 Rxa2 17. Qg3 Re8 18. Bh6 g6 19. h4 Ne7 20. h5 b6 21. hxg6 Nxg6 22. Bxb5 Rxc2 23. Nh4 d3 24. Rf1 Kf7 25. Nxg6 hxg6 26. Qxd3 Ra2 27. Bxd7 Rd8 28. Bxe6+ Ke7 29. Bg5+ Kxe6 30. Qxd8 Ra8 31. Rd1 1-0

[Event "Pan American U16 Girls"]
[Site "Bento Goncalves"]
[Date "2010.08.05"]
[Round "5"]
[White "Bocangel Chavez, Marjoire Johana"]
[Black "Castrillon Gomez, Melissa"]
[Result "0-1"]
[WhiteElo "1583"]
[BlackElo "2049"]
[PlyCount "52"]
[EventDate "2010.08.02"]
[EventType "swiss"]
[EventRounds "9"]
[EventCountry "BRA"]
[SourceTitle "EXT 2013"]
[Source "ChessBase"]
[SourceDate "2012.11.22"]
[SourceVersion "1"]
[SourceVersionDate "2012.11.22"]
[SourceQuality "1"]

1. e4 c5 2. Nf3 d6 3. d4 Nf6 4. Nc3 cxd4 5. Nxd4 g6 6. Bc4 Bg7 7. f3 0-0 8. Be3 Nc6 9. Qd2 Bd7 10. g4 Rc8 11. Bb3 Ne5 12. h3 b5 13. f4 Nc4 14. Bxc4 Rxc4 15. f5 b4 16. Qd3 Rxd4 17. Bxd4 bxc3 18. Bxc3 Bc6 19. Bxf6 Bxf6 20. 0-0-0 Qa5 21. a3 Rb8 22. b4 Qe5 23. Rde1 Qb2+ 24. Kd2 Bg5+ 25. Kd1 Bb5 26. c4 Ba4+ 0-1